000 00414pab a2200157 454500
008 180718b1995 xxu||||| |||| 00| 0 eng d
100 _aSarkar, Abdul Hakim
245 _aBangladesh
_bwhy kids become delinquent.
260 _c1995
300 _ap.13-17
362 _aApr
650 _aChild delinquency - Bangladesh
650 _aJuvenile delinquency - Bangladesh
773 _aSocial Welfare
909 _a28355
999 _c28355
_d28355